000 00255nam a22001097a 4500
008 170112b xxu||||| |||| 00| 0 eng d
020 _a9780323036887
041 _aeng
080 _27th
_a618.2
245 _aMEDICAL-SURGICAL NURSING
_cLEWIS
942 _2udc
_cBK
999 _c2792
_d2792